Quizzes
Events
Quiz Creation
Community
Videos
Private Events
Remove Ads
Sign In
Join for FREE
Feedback
Dark Mode
Quiz Categories
Sports
Geography
Music
Movies
Television
Just For Fun
Miscellaneous
History
Literature
Language
Science
Gaming
Entertainment
Religion
Holiday
For Kids
Quiz Lab
Recent
Popular Today
Quiz Kudos Today
Editor Picks
Curator Picks
Quizzes by...
Day
Popularity
Type
Ratings
Length
Year
Community
Subscriptions
Recent Discussions
Orange Saloon
Badges
Playlists
Quests
Create
Leaderboards
Showdown
Live 5
Trivia Bingo
Activity
Puzzle Library
Sporcle Events
Private Events
Virtual Trivia
Globe League
Become a Host
Pub Owners
SporcleCon
Opinionation
Our Games
Videos
Blog
Mobile Apps
Partnerships
Remove Ads and Go Orange
Feedback
Music
Pop Music
The Beatles
Song
Album
Lyrics
Bands
Singers
Artist
Clip
Rock
Rap
Classical
Billboard
Country Music
Kpop
Taylor Swift
Music
Pop Music
The Beatles
Song
Album
Lyrics
Bands
Singers
Artist
Clip
Rock
Rap
Classical
Billboard
Country Music
Kpop
Taylor Swift
Random Quiz
Search Sporcle
×
Quiz Lab
Quiz Lab
Music
Rihanna Singles
Type in answers that appear in a list
Type in answers that appear in a list
Classic
Best Score? Go Orange.
Rihanna's UK Hits Stats
Can you name the UK chart's top 10 hits by Rihanna?
By
Yorkiebar357
5m
30 Questions
222 Plays
222 Plays
222 Plays
Comments
Comments
Give Quiz Kudos
Give Quiz Kudos
-
- Ratings
hide this ad
More Info
Replay
Link that replays current quiz
Next Quiz
Link to next quiz in quiz playlist
You Got
0%
They Got
Avg Score
60%
Avg Friend Score
Upgrade to see
Score Distribution
Jump to the score distribution portion of the page
Score
0/30
Timer
05:00
0
Plays Today
Weeks in top 10 (Year)
Song Title
% Correct
13 (2007)
Umbrella
95.5%
14 (2011-
2012)
We Found Love
90.1%
14 (2012-
2013)
Diamonds
87.9%
12 (2016)
Work
84.3%
11 (2010-
2011)
Only Girl (In The World)
83.3%
7 (2006)
S.O.S.
81.1%
10 (2010-
2011)
What's My Name?
80.2%
9 (2010)
Rude Boy
79.7%
5 (2005)
Pon De Replay
78.8%
11 (2008)
Disturbia
77.5%
5 (2006)
Unfaithful
73%
5 (2007)
Shut Up And Drive
72.1%
8 (2011)
S&M
70.7%
6 (2009-
2010)
Russian Roulette
70.7%
10 (2008)
Take A Bow
69.4%
Weeks in top 10 (Year)
Song Title
% Correct
14 (2010)
Love The Way You Lie
68.5%
10 (2012-
2013)
Stay
68.1%
9 (2008)
Don't Stop The Music
64.4%
5 (2012)
Where Have You Been
59%
15 (2016)
This Is What You Came For
57.5%
12 (2013-
2014)
The Monster
57.3%
1 (2011)
California King Bed
55.9%
6 (2009)
Run This Town
54.5%
9 (2017)
Wild Thoughts
53.8%
11 (2015)
FourFiveSeconds
50.7%
5 (2008)
Live Your Life
41.4%
4 (2010-
2011)
Who's That Chick?
39.2%
1 (2011)
Take Care
32.9%
16 (2016)
Too Good
29.9%
7 (2012)
Princess Of China
27.9%
Quiz Playlist
Details
Report
Send in Message
Add To Playlist
More Info:
Name any song released by, or featuring, Rihanna, to have charted in the top 10 in the UK.
Classic:
Type in answers that appear in a list
Last Updated: Aug 27, 2017
Quiz Scoreboard
CHALLENGE
Sign Up to Join the Scoreboard
Show All
Scores
Hide
Comments
May contain spoilers
Recently Published
An Introduction to Baseball
by treessimontrees
Sports
5m
Movies - When Are They Set?
by FPL_Elf
Movies
5m
Popular People in 1961
by mucciniale
History
6m
More to Explore
Quiz From the Vault
Featured Blog Post
Where Did the Easter Bunny Come From?
hide this ad
You Might Also Like...
Tags
rihanna
Rihanna Singles
UK
UK Charts
Today's Top Quizzes in Music
Browse Music
hide this ad
Today's Top Quizzes in Rihanna Singles
Browse Rihanna Singles
Top Contributed Quizzes in Music
1
Taylor Swift All Songs (2024)
2
Guess the Artist- 70s Songs
3
KPOP LOGIC QUIZ
4
One Thing in Common: Music
5
2010s Album by Cover III
6
Guess the Taylor Swift song (Mystery Song)
7
Taylor Swift Logic Puzzle
8
2010s Album by Cover IV
9
2010s Album by Cover V
10
Kpop Logic Quiz
Explore More
Trending Topics
Kpop
Harry Potter
NBA
Anime
Disney
Crossword
Marvel
Puzzle
The Office
Song
WWE
Country
NFL
Pokémon
Soccer
hide this ad
More By:
Yorkiebar357
Quiz
Plays
Rating
Category
Featured
Created
Does Your Mother Know?
2,326
5.00
Music
Aug 18, 2012
21st Century Number 1 Singles UK
2,257
3.80
Music
Jul 25, 2012
Maths Test
1,944
3.25
Just For Fun
Aug 15, 2012
UK Million Selling Singles
448
5.00
Music
Jul 27, 2012
Eragon First Paragraph
407
4.00
Literature
Aug 12, 2012
Go to Creator's Profile
Score Distribution
Quiz Creator Spotlight
Yorkiebar357
Follow
Send a Message
Quizzes Created
-
Created Quiz Play Count
-
More By This Creator
Popular Quizzes Today
1
Find the Countries of Europe - No Outlines Minefield
2
Find the US States - No Outlines Minefield
3
The Countries of the World
4
Popular People in 1961
5
US States
6
Find the US States
7
1-10 Letter E Words III
8
Risky Map Clicking: Biggest States A-Z
More Music Quizzes
Taylor Swift: Paper Rings (Lyrics)
Quiz Lab
Trending Quizzes
Risky Map Clicking: Least Populous States A-Z
1-10 Letter F Words
1-10 Letter G Words
One Thing in Common: United Kingdom
Not Quite an Element Typing Challenge
Recently Updated
Leaping Animals
pecheneg
Reality TV Shows (A-Z)
bhenderson79
Rickey Henderson's Hall of Fame Teammates
pecheneg
Champions League XIs: Arsenal
pecheneg
Quick Pick: Celebrities in WWE's Hall of Fame
aduchscher
A-Z Keypad Blitz II
pecheneg
Multiple Oscar Actors
pecheneg
Mystery Phrase Blitz: Oscar 'Best Actors'
pecheneg
F. Scott Fitzgerald Novels
LTH
Pick 3 Villains
ddd62291
Trending Topics
Disney
NBA
Harry Potter
Anime
Marvel
Kpop
Crossword
Song
Puzzle
NFL
WWE
Pokémon
The Office
Soccer
Country
Your Account Isn't Verified!
In order to create a playlist on Sporcle, you need to verify the email address you used during registration. Go to your
Sporcle Settings
to finish the process.
Report this User
Report this user for behavior that violates our
Community Guidelines
.
Details:
Send Report
Go to the Sporcle.com Mobile Site →
Comments